Quiz sull'Egitto - Statistics

Statistiche generali
  • Questo quiz è stato fatto 1.512 volte
  • Il punteggio medio è 15 su 26
Statistiche sulle risposte
Hint Risposta % Corretto
Fiume che attraversa il paese Nilo
99%
Capitale dell'Egitto Il Cairo
98%
Canale navigabile che mette in contatto il Mar Mediterraneo col Mar Rosso Canale di {Suez}
92%
Altro famoso monumento che si trova in questa località che ha il corpo di leone e una testa umana? Sfinge
88%
Lingua ufficiale Arabo
85%
Località dove si può ammirare la Grande Piramide Giza
83%
Regina che governò l'Egitto e che fu l'amante sia di Giulio Cesare che di Marco Antonio Cleopatra
78%
Titolo dei sovrani dell'antico Egitto Faraone
75%
Seconda città più grande del paese Alessandria d'Egitto
73%
Materiale simile alla carta inventato dagli antichi egizi Papiro
73%
Antico dio egizio del sole Amon Ra
70%
Sistema di scrittura basato sui simboli usato nell'antico Egitto Geroglifici
70%
Tomba del sovrano adolescente scoperta nel 1922 Tutankhamon
65%
Pietra, scoperta nel 1799, che ha fornito la chiave per decifrare quei simboli Stele di Rosetta
54%
Penisola egiziana conquistata da Israele nel 1967 e restituita nel 1982 Sinai
51%
Grande diga costruita su questo fiume nel 1970 Diga di {Assuan}
44%
Antica dea considerata la madre ideale Iside
40%
Popolazione di fede cristiana dell'Egitto Copti
39%
Località egiziana teatro di una delle più importanti battaglie della Seconda guerra mondiale El {Alamein}
37%
Città sorta sull'antica Tebe dove si può visitare importanti siti archeologici Luxor
37%
"Grande" leader che guidò l'Egitto per 66 anni a partire dal 1279 a.C. Ramses II
26%
Presidente rovesciato a seguito di quelle proteste Hosni Mubarak
24%
Antica capitale egiziana che in inglese è anche il nome di una città del Tennessee Menfi
24%
Presidente assassinato nel 1981 Anwar Sadat
18%
Centro delle più grandi proteste della Primavera araba del 2011 Piazza {Tahrir}
14%
Antico egiziano che è stato definito il primo architetto e medico della storia Imhotep
10%
Nessun quiz corrispondente trovato
Distribuzione punteggi
Percentuale di utenti per punteggio
Percentile per numero di risposta
I tuoi punteggi nel tempo
Non hai fatto questo quiz